London Housing Unit (Record no. 119547)

MARC details
000 -LEADER
fixed length control field 00950cam a2200229 4500
001 - CONTROL NUMBER
control field WS107501
008 - FIXED-LENGTH DATA ELEMENTS--GENERAL INFORMATION
fixed length control field 000000n 000 0 eng u
035 ## - SYSTEM CONTROL NUMBER
System control number (Sirsi) u107501
110 ## - MAIN ENTRY--CORPORATE NAME
Corporate name or jurisdiction name as entry element London Housing Unit
9 (RLIN) 1154
245 ## - TITLE STATEMENT
Title London Housing Unit
520 ## - SUMMARY, ETC.
Summary, etc. Web site for this unit which provides data analysis and information on social housing issues in London and across the country, aimed at primarily at its members who are the housing representatives of the London Boroughs. The site includes links to the journal 'London Housing News', a good section on the history of housing in London and a section specifically for tenants.
650 ## - SUBJECT ADDED ENTRY--TOPICAL TERM
Topical term or geographic name entry element SOCIAL HOUSING
650 ## - SUBJECT ADDED ENTRY--TOPICAL TERM
Topical term or geographic name entry element LONDON
650 ## - SUBJECT ADDED ENTRY--TOPICAL TERM
Topical term or geographic name entry element HISTORY
650 ## - SUBJECT ADDED ENTRY--TOPICAL TERM
Topical term or geographic name entry element JOURNALS
650 ## - SUBJECT ADDED ENTRY--TOPICAL TERM
Topical term or geographic name entry element TENANTS
650 ## - SUBJECT ADDED ENTRY--TOPICAL TERM
Topical term or geographic name entry element RESIDENTIAL
650 0# - SUBJECT ADDED ENTRY--TOPICAL TERM
Topical term or geographic name entry element DISCUSSION LISTS
690 ## - LOCAL SUBJECT ADDED ENTRY--TOPICAL TERM (OCLC, RLIN)
Topical term or geographic name as entry element HOUSING
856 40 - ELECTRONIC LOCATION AND ACCESS
Uniform Resource Identifier <a href="https://www.lhu.org.uk">https://www.lhu.org.uk</a>
Public note View the website free of charge at www.lhu.org.uk...
942 ## - ADDED ENTRY ELEMENTS (KOHA)
Suppress in OPAC 0
Holdings
Withdrawn status Lost status Source of classification or shelving scheme Damaged status Not for loan Home library Current library Shelving location Date acquired Total Checkouts Full call number Barcode Date last seen Copy number Price effective from Koha item type
    Dewey Decimal Classification     Virtual Virtual Online 02/08/2000   WEB SITE 107501-2001 06/08/2019 1 06/08/2019 Online material